|
|
|
|
| LEADER |
01955nam a2200421 a 4500 |
| 001 |
EBC678208 |
| 003 |
MiAaPQ |
| 005 |
20191030193400.0 |
| 006 |
m o d | |
| 007 |
cr cn||||||||| |
| 008 |
101217s2011 mdu sb 001 0 eng d |
| 010 |
|
|
|z 2010052505
|
| 020 |
|
|
|z 9780739137260 (cloth : alk. paper)
|
| 020 |
|
|
|z 9780739137260
|
| 020 |
|
|
|a 9780739137284 (electronic bk.)
|
| 020 |
|
|
|a 9780739137284 (electronic bk.)
|
| 035 |
|
|
|a (MiAaPQ)EBC678208
|
| 035 |
|
|
|a (Au-PeEL)EBL678208
|
| 035 |
|
|
|a (CaPaEBR)ebr10460936
|
| 035 |
|
|
|a (CaONFJC)MIL305680
|
| 035 |
|
|
|a (OCoLC)714568480
|
| 040 |
|
|
|a MiAaPQ
|c MiAaPQ
|d MiAaPQ
|
| 043 |
|
|
|a a-cc---
|
| 050 |
|
4 |
|a HN740.S6
|b H66 2011
|
| 082 |
0 |
4 |
|a 303.48/330951
|2 22
|
| 100 |
1 |
|
|a Hong, Yu,
|d 1978-
|
| 245 |
1 |
0 |
|a Labor, class formation, and China's informationized policy of economic development
|h [electronic resource] /
|c Yu Hong.
|
| 260 |
|
|
|a Lanham, Md. :
|b Lexington Books,
|c 2011.
|
| 300 |
|
|
|a viii, 313 p.
|
| 504 |
|
|
|a Includes bibliographical references and index.
|
| 505 |
0 |
|
|a Introduction -- Political economy of Chinese ICT development in the globalization era -- The composition of ICT workforces and its indications of China's developmental strategy -- Procurement, management, and discipline -- Practices and identities of migrant workers : between lived experiences and past memories -- Will Chinese ICT workers unite? : new signs of change in the aftermanth of the global economic crisis -- Conclusion.
|
| 533 |
|
|
|a Electronic reproduction. Ann Arbor, MI : ProQuest, 2016. Available via World Wide Web. Access may be limited to ProQuest affiliated libraries.
|
| 650 |
|
0 |
|a Social classes
|z China.
|
| 650 |
|
0 |
|a Division of labor
|z China.
|
| 650 |
|
0 |
|a Information technology
|x Social aspects
|z China.
|
| 655 |
|
4 |
|a Electronic books.
|
| 710 |
2 |
|
|a ProQuest (Firm)
|
| 856 |
4 |
0 |
|u https://ebookcentral.proquest.com/lib/matrademy/detail.action?docID=678208
|z Click to View
|